000 00703nam a2200241Ia 4500
005 20260429111910.0
008 260429s9999||||xx |||||||||||||| ||und||
020 _a9781041203216
041 _aEnglish
082 _a005.8
_bMAL
100 _aMalik, Latesh
245 0 _aBlockchain for smart systems :
_bcomputing technologies and applications /
_cLatesh Malik
260 _aBoca Raton :
_bCRC Press,
_c2022.
300 _axvi, 196 p.; hb
440 _aBlockchain for smart and green society
650 _a Blockchain
650 _a Data security
650 _aComputer science
700 _a Arora, Sandhya
700 _a Deshpande, Vivek
700 _a Shrawankar, Urmila
942 _cTB
999 _c51329
_d51329